Violence between intimate partners : (Record no. 14765)

MARC details
000 -LEADER
fixed length control field 00936cam a2200277 a 4500
001 - CONTROL NUMBER
control field 4942705
003 - CONTROL NUMBER IDENTIFIER
control field mut
005 - DATE AND TIME OF LATEST TRANSACTION
control field 20240606081320.0
008 - FIXED-LENGTH DATA ELEMENTS--GENERAL INFORMATION
fixed length control field 960208s1997 mau b 001 0 eng
010 ## - LIBRARY OF CONGRESS CONTROL NUMBER
LC control number 96006862
020 ## - INTERNATIONAL STANDARD BOOK NUMBER
International Standard Book Number 0023192135
040 ## - CATALOGING SOURCE
Transcribing agency mut
050 00 - LIBRARY OF CONGRESS CALL NUMBER
Classification number HV 6626
Item number .V55 1997
082 00 - DEWEY DECIMAL CLASSIFICATION NUMBER
Classification number 362.82/92
Edition information 20
245 00 - TITLE STATEMENT
Title Violence between intimate partners :
Remainder of title patterns, causes, and effects /
260 ## - PUBLICATION, DISTRIBUTION, ETC.
Place of publication, distribution, etc. Boston :
Name of publisher, distributor, etc. Allyn & Bacon,
Date of publication, distribution, etc. c1997.
300 ## - PHYSICAL DESCRIPTION
Extent x, 230 p. ;
Dimensions 23 cm.
504 ## - BIBLIOGRAPHY, ETC. NOTE
Bibliography, etc. note Includes bibliographical references (p. 187-218) and index.
650 #0 - SUBJECT ADDED ENTRY--TOPICAL TERM
Topical term or geographic name entry element Intimate partner violence.
650 #0 - SUBJECT ADDED ENTRY--TOPICAL TERM
Topical term or geographic name entry element Abusive men.
650 #0 - SUBJECT ADDED ENTRY--TOPICAL TERM
Topical term or geographic name entry element Abused women.
700 1# - ADDED ENTRY--PERSONAL NAME
Personal name Cardarelli, Albert P.
906 ## - LOCAL DATA ELEMENT F, LDF (RLIN)
a 7
b cbc
c orignew
d 1
e ocip
f 19
g y-gencatlg
942 ## - ADDED ENTRY ELEMENTS (KOHA)
Source of classification or shelving scheme Library of Congress Classification
Koha item type Books
Holdings
Withdrawn status Lost status Source of classification or shelving scheme Damaged status Not for loan Home library Current library Shelving location Date acquired Source of acquisition Total checkouts Full call number Barcode Date last seen Price effective from Koha item type
    Library of Congress Classification     Murang'a University of Technology Library Murang'a University of Technology Library General stacks 01/12/2017 Donation-TFC   HV 6626 .V55 1997 017132 30/08/2024 01/12/2017 Books